000 00479nam a2200181Ia 4500
001 20277
005 20260306172754.0
008 260306t2011||||xx |||||||||||||| ||spa||
041 _aESP
082 _a343.1
_bG312
100 _aGaceta Jurídica
_eAUT
245 0 _aEstudios sobre los medios impugnatorios en los procesos laborales y constitucionales
260 _c2011
300 _a478 páginas :
_c25 cm.
650 _aGEN
654 _aCDE
942 _cLIB
_dJUS
_fJUS
_2ddc
_n
999 _c20277
_d20277